书目信息 |
| 题名: |
金属表面上的相互作用
|
|
| 作者: | 戈默 , Gomer 编 ;张维诚 译 | |
| 分册: | ||
| 出版信息: | 北京 科学出版社 1985 |
|
| 页数: | 348页 | |
| 开本: | 19cm | |
| 丛书名: | ||
| 单 册: | ||
| 中图分类: | O647.11 , O647 | |
| 科图分类: | ||
| 主题词: | 金属-表面化学 , 表面化学-金属 , 物理化学 , 量子化学 | |
| 电子资源: | ||
| ISBN: | ||
| 000 | 01004nam0 2200349 45 | |
| 001 | 0185009579 | |
| 005 | 20040701150005.5 | |
| 010 | @dCNY2.60 | |
| 091 | @a13031.2844 | |
| 100 | @a19900816d1985 emky0chiy0121 ea | |
| 101 | 1 | @achi@ceng |
| 102 | @aCN@b110000 | |
| 105 | @ay z 000yy | |
| 106 | @ar | |
| 200 | 10 | @a金属表面上的相互作用@Ajin shu biao mian shang de xiang hu zuo yong@f(美)戈默(Gomer,R.)编@g张维诚译 |
| 210 | @a北京@c科学出版社@d1985 | |
| 215 | @a348页@d19cm | |
| 300 | @a书名原文: Interactions on metal surfaces.附: 参考文献 | |
| 300 | @a根据1975年英文版译出 | |
| 510 | 1 | @aInteractions on metal surfaces@zeng |
| 606 | @a金属-表面化学 | |
| 606 | @a表面化学-金属 | |
| 606 | 0 | @a物理化学 |
| 606 | 0 | @a量子化学 |
| 690 | @aO647.11@v3 | |
| 690 | @aO647@v3 | |
| 701 | 1 | @a戈默@Age mo@bR.@4编 |
| 701 | A1 | @aGomer@bR.@4编 |
| 702 | 0 | @a张维诚@Azhang wei cheng@4译 |
| 801 | 0 | @aCN@b深圳图书馆@c20040520 |
| 801 | 2 | @aCN@bNLC@c20040520 |
| 905 | @dO647@e2@f1@b127380 | |
| 金属表面上的相互作用/(美)戈默(Gomer,R.)编/张维诚译.-北京:科学出版社,1985 |
| 348页;19cm |
| 书名原文: Interactions on metal surfaces.附: 参考文献.-根据1975年英文版译出 |
| ISBN :CNY2.60 |
| ● |
| 相关链接 |
|
|
|
|
正题名:金属表面上的相互作用
索取号:O647/2
 
预约/预借
| 序号 | 登录号 | 条形码 | 馆藏地/架位号 | 状态 | 备注 |
| 1 | 0127379 | 000343569 | 第三借阅区/ [索取号:O647/2] | 在馆 | |
| 2 | 0127380 | 001942429 | 第三借阅区/ [索取号:O647/2] | 在馆 | |
| 3 | 0127381 | 000343578 | 第三借阅区/ [索取号:O647/2] | 在馆 | |
| 4 | 0127382 | 000343550 | 第三借阅区/ [索取号:O647/2] | 在馆 | |
| 5 | 0127383 | 202447780 | 第二样本阅览室/ [索取号:O647/2] | 在馆 |